Responses for Show #2213 - Wednesday, March 30, 1994

Contestants

[<< previous game]

Ray Butman, an equipment control clerk from Harbor City, California

David Bruins, a CPA originally from Holland, Michigan

Jack Horan, a school vice principal from Califon, New Jersey (whose 2-day cash winnings total $24,801)

[next game >>]

Jeopardy! Round responses

SCARY STORIES
THE COMICS
FOOD & DRINK
FORTS
WHITE
ITALIAN
    $100 11
a vampire

Ray
    $100 6
Charles Schulz

Jack
    $100 26
oil

Jack
    $100 1
Chicago

Ray
    $100 16
(Jack: What is a tabla blanca?)

an album

JackDavid
    $100 21
the police

Jack
    $200 12
Stephen King

Jack
    $200 7
Rex Morgan, M.D.

Triple Stumper
    $200 27
coffee

Ray
    $200 2
Fort Sumter

David
    $200 17
cue ball

David
    $200 22
The appendix

Jack
    $300 13
gothics

Jack
    $300 8
The Wizard of Id

Ray
    $300 28
beer

Ray
    $300 3
the Santa Fe Trail

Jack
    $300 18
(Jack: What is 7?)

6

JackDavid
    $300 23
the Epiphany

Jack
    $400 14
(Ray: Who is Edgar Allan Poe?)

Henry James

JackRay
    $400 9
Andy Capp

Jack
    $400 29
a Swedish meatball

Jack
    $400 4
The Maine

David
    $400 19
(Alex: Oh, if you were into cooking, you would be familiar with Bechamel [*].)

sauce

Triple Stumper
    $400 24
silver

Jack
    $500 15
Hill House

Triple Stumper
    $500 10
Nancy

David
    $500 30
poi

Ray
    $600 5
(David: What is West Point?)

Fort Ticonderoga

David
    $500 20
blue

Triple Stumper
    $500 25
my spouse (my husband)

David

Scores at the first commercial break (after clue 15):

Jack David Ray
$1,700 $500 $100

Scores at the end of the Jeopardy! Round:

Jack David Ray
$2,800 $1,600 $1,100

Double Jeopardy! Round responses

PRESIDENTIAL NICKNAMES
MUSIC
MEDICAL FIELDS
SHAKESPEARE
GEOGRAPHY
LUKE
(Alex: As in The Bible.)
    $200 3
Rutherford B. Hayes

Ray
    $200 17
an anthem

Jack
    $200 10
the feet

Jack
    $200 1
Cleopatra

Ray
    $200 12
islands

David
    $200 22
the devil

David
    $400 6
Jimmy Carter

David
    $400 18
"Chopsticks"

Ray
    $400 26
cardiology

David
    $400 2
Hamlet

Jack
    $400 13
Morocco

David
    $400 23
2

David
    $600 7
Old Hickory

Jack
    $600 19
a mazurka

Jack
    $600 28
arteries & veins

Jack
    $1,500 4
Lady Macbeth

Ray
    $600 14
Calgary

Ray
    $600 24
Passover

David
    $800 8
Andrew Johnson

Jack
    $800 20
(Jack: What is In The Vienna Woods?)

Tales from the Vienna Woods

Jack
Triple Stumper
    $800 29
gastrology

David
    $800 5
John

Jack
    $800 15
Pakistan

David
    $800 25
(David: Who are his disciples?)

Peter

DavidRay
    $1000 9
the Mexican War

David
    $1000 21
allegro

Jack
    $1000 30
(David: What is nasology?)
[Originally ruled incorrect; reversed before Final Jeopardy!]
...
(Alex: If you get a nose job, you get a rhinoplasty, and so it is [*].)

rhinology

David
    $1000 11
Troilus and Cressida

Ray
    $1000 16
(David: What is Monroeville?)

Monrovia

JackDavid
    $1,600 27
(David: Who is John the Baptist?)

Moses or Elijah (or Elias)

David

Scores at the end of the Double Jeopardy! Round:

Jack David Ray
$8,200 $4,400 $5,800

[wagering suggestions for these scores]

Final Jeopardy! Round responses

PULITZER PRIZE NOVELS
(Alex: Its author won the prize in 1921, and the film was one of the acclaimed movies of the past year.)
DavidWhat is In The Line of Fire
$1,401
RayWhat is ?
$5,799
JackWhat is Fried Green Tomatoes?
$3,400
The Age of Innocence

Final scores:

Jack David Ray
$4,800 $2,999 $1
3-day champion: $29,601 2nd place: trip to U.S. Space Camp in Huntsville, Alabama 3rd place: Helbros his & hers watch collection + Wheel of Fortune & Jeopardy! games for the Super Nintendo & Sega Genesis

Game dynamics:

Coryat scores:

Jack David Ray
$8,200 $6,600 $4,900
22 R,
3 W
18 R,
4 W
(including 2 DDs)
13 R
(including 1 DD),
1 W

Combined Coryat: $19,700

[game clues] [game scores] [suggest correction]

Game tape date: 1993-12-14
The J! Archive is created by fans, for fans. Scraping, republication, monetization, and malicious use prohibited; this site may use cookies and collect identifying information. See terms. The Jeopardy! game show and all elements thereof, including but not limited to copyright and trademark thereto, are the property of Jeopardy Productions, Inc. and are protected under law. This website is not affiliated with, sponsored by, or operated by Jeopardy Productions, Inc. Join the discussion at JBoard.tv.